| 000 | 00354 a2200145 4500 | ||
|---|---|---|---|
| 001 | 75232 | ||
| 020 | _a85-60630-17-2 | ||
| 040 | _cAnchieta - Colégio São Paulo | ||
| 100 | _aNogueira, Marcos Aurélio | ||
| 240 | 1 | 0 |
_aAfro-Indígena: _lpor |
| 245 | 1 | 0 | _aAfro-Indígena: |
| 300 | _a98 | ||
| 650 | 4 | _aGrupo por nacioanildade, etinia, raça | |
| 942 | _cBK | ||
| 999 |
_c75232 _d75232 |
||